Loading...
| History - Other | 0 | 5 | 3 | 1 | 35 | 14 | 63.80 | 3 | 5 | 0.00 | 0.00 |
| History - European | 0 | 3 | 1 | 1 | 25 | 65 | 82.00 | 0 | 2 | 0.00 | 0.00 |
| Current Events | 0 | 2 | 0 | 0 | 20 | 70 | 73.50 | 1 | 2 | 0.00 | 0.00 |
| Mythology | 0 | 2 | 0 | 1 | 20 | 73 | 96.50 | 0 | 2 | 0.00 | 0.00 |
| Philosophy | 0 | 2 | 0 | 2 | 20 | 103 | 105.50 | 0 | 0 | 0.00 | 0.00 |
| Science - Biology | 0 | 2 | 0 | 1 | 20 | 23 | 60.00 | 1 | 2 | 0.00 | 0.00 |
| Literature - European | 0 | 1 | 0 | 1 | 10 | 113 | 113.00 | 0 | 1 | 0.00 | 0.00 |
| Literature - World | 0 | 1 | 0 | 0 | 10 | 47 | 47.00 | 0 | 1 | 0.00 | 0.00 |
| Science - Other | 0 | 1 | 0 | 0 | 10 | 49 | 49.00 | 0 | 1 | 0.00 | 0.00 |
| Science - Physics | 0 | 1 | 0 | 0 | 10 | 36 | 36.00 | 0 | 1 | 0.00 | 0.00 |
| Religion | 0 | 1 | 0 | 1 | 10 | 119 | 119.00 | 0 | 1 | 0.00 | 0.00 |
| Social Science | 0 | 1 | 0 | 0 | 10 | 53 | 53.00 | 0 | 1 | 0.00 | 0.00 |
| Science - Chemistry | 0 | 1 | 1 | 1 | 5 | 103 | 103.00 | 0 | 0 | 0.00 | 0.00 |
| History - World | 0 | 1 | 1 | 0 | 5 | 68 | 68.00 | 0 | 1 | 0.00 | 0.00 |
| History - American | 0 | 1 | 2 | 0 | 0 | 73 | 73.00 | 0 | 1 | 0.00 | 0.00 |
| Literature - British | 0 | 0 | 0 | 0 | 0 | 0.00 | 0 | 0 | 0.00 | 0.00 |